Размерный анализ сборочного чертежа рабочего узла автоматической линии производства листов древесно-стружечных плит; Прогрессивные технологии и экономика в машиностроении

Dades bibliogràfiques
Parent link:Прогрессивные технологии и экономика в машиностроении.— 2022.— [С. 16-18]
Autor principal: Алфёрова Е. А. Екатерина Александровна
Autor corporatiu: Национальный исследовательский Томский политехнический университет Инженерная школа новых производственных технологий Отделение машиностроения
Altres autors: У Хайян
Sumari:Заглавие с экрана
В работе проведен размерный анализ сборочных размерных цепей рабочего узла автоматической линии производства листов древесно-стружечных плит, выявлены причины приводящие к невозможности сборки узла при изготовлении деталей по существующим чертежам.
In the work, a dimensional analysis of the assembly dimensional chains of the working unit of the automatic line for the production of chipboard sheets was carried out, the reasons leading to the impossibility of assembling the assembly in the manufacture of parts according to existing drawings were identified.
Idioma:rus
Publicat: 2022
Col·lecció:Современные промышленные технологии
Matèries:
Accés en línia:http://earchive.tpu.ru/handle/11683/70689
Format: MixedMaterials Electrònic Capítol de llibre
KOHA link:https://koha.lib.tpu.ru/cgi-bin/koha/opac-detail.pl?biblionumber=634208

MARC

LEADER 00000naa2a2200000 4500
001 634208
005 20231102024718.0
035 |a (RuTPU)RU\TPU\conf\35993 
035 |a RU\TPU\conf\35991 
090 |a 634208 
100 |a 20220414d2022 k y0rusy50 ca 
101 0 |a rus  |d eng 
102 |a RU 
105 |a y z 101zy 
135 |a drgn ---uucaa 
181 0 |a i  
182 0 |a b 
200 1 |a Размерный анализ сборочного чертежа рабочего узла автоматической линии производства листов древесно-стружечных плит  |f Е. А. Алфёрова, У Хайян 
203 |a Текст  |c электронный 
225 1 |a Современные промышленные технологии 
230 |a 1 компьютерный файл (pdf; 139 Kb) 
300 |a Заглавие с экрана 
320 |a [Библиогр.: с. 18 (2 назв.)] 
330 |a В работе проведен размерный анализ сборочных размерных цепей рабочего узла автоматической линии производства листов древесно-стружечных плит, выявлены причины приводящие к невозможности сборки узла при изготовлении деталей по существующим чертежам. 
330 |a In the work, a dimensional analysis of the assembly dimensional chains of the working unit of the automatic line for the production of chipboard sheets was carried out, the reasons leading to the impossibility of assembling the assembly in the manufacture of parts according to existing drawings were identified. 
463 0 |0 (RuTPU)RU\TPU\conf\35989  |t Прогрессивные технологии и экономика в машиностроении  |o сборник трудов XIII Всероссийской научно-практической конференции для студентов и учащейся молодежи, 7-9 апреля 2022 г., Юрга  |f Национальный исследовательский Томский политехнический университет (ТПУ), Юргинский технологический институт (ЮТИ) ; под ред. А. А. Сапрыкина  |v [С. 16-18]  |d 2022 
610 1 |a электронный ресурс 
610 1 |a труды учёных ТПУ 
610 1 |a сборочные чертежи 
610 1 |a автоматические линии 
610 1 |a производство 
610 1 |a древесно-стружечные плиты 
610 1 |a конвейерные ленты 
610 1 |a роликовые узлы 
610 1 |a conveyor belt 
610 1 |a roller assembly 
610 1 |a dimensional analysis 
610 1 |a assembly drawing 
700 1 |a Алфёрова  |b Е. А.  |c специалист в области машиностроения  |c доцент Юргинского технологического института (филиала) Томского политехнического университета, кандидат физико-математических наук  |f 1982-  |g Екатерина Александровна  |2 stltpush  |3 (RuTPU)RU\TPU\pers\26530  |9 12224 
701 0 |a У Хайян 
712 0 2 |a Национальный исследовательский Томский политехнический университет  |b Инженерная школа новых производственных технологий  |b Отделение машиностроения  |h 8881  |2 stltpush  |3 (RuTPU)RU\TPU\col\27843 
801 2 |a RU  |b 63413507  |c 20220419  |g RCR 
856 4 |u http://earchive.tpu.ru/handle/11683/70689 
942 |c BK